Animals and nature / (Record no. 112470)
[ view plain ]
| 000 -LEADER | |
|---|---|
| fixed length control field | 00640nam a2200217 a 4500 |
| 001 - CONTROL NUMBER | |
| control field | 4012 |
| 005 - DATE AND TIME OF LATEST TRANSACTION | |
| control field | 20140414131937.0 |
| 008 - FIXED-LENGTH DATA ELEMENTS--GENERAL INFORMATION | |
| fixed length control field | 040602s19uu xx 00 eng d |
| 020 ## - INTERNATIONAL STANDARD BOOK NUMBER | |
| International Standard Book Number | 1-85434-347-5 |
| 050 ## - LIBRARY OF CONGRESS CALL NUMBER | |
| Classification number | REF 591 |
| Item number | Am7 1995 |
| 100 ## - MAIN ENTRY--PERSONAL NAME | |
| Personal name | Amos, Janine |
| 245 ## - TITLE STATEMENT | |
| Title | Animals and nature / |
| Statement of responsibility, etc | text by Janine Amos, Andrew Solway. |
| 260 ## - PUBLICATION, DISTRIBUTION, ETC. (IMPRINT) | |
| Place of publication, distribution, etc | UK : |
| Name of publisher, distributor, etc | Two-Can Pub., |
| Date of publication, distribution, etc | 1995. |
| 300 ## - PHYSICAL DESCRIPTION | |
| Extent | 93 p. : ill. ; cm.; cm. |
| 440 ## - SERIES STATEMENT/ADDED ENTRY--TITLE | |
| Title | Two-Can First Encyclopedia |
| 520 ## - SUMMARY, ETC. | |
| Summary, etc | Our planet and the animals that live here. |
| 650 ## - SUBJECT ADDED ENTRY--TOPICAL TERM | |
| Topical term or geographic name as entry element | Animals |
| General subdivision | Encyclopedias. |
| 650 ## - SUBJECT ADDED ENTRY--TOPICAL TERM | |
| Topical term or geographic name as entry element | Natural history |
| General subdivision | Encyclopedias. |
| Withdrawn status | Lost status | Damaged status | Use restrictions | Home library | Current library | Shelving location | Date acquired | Source of acquisition | Total Checkouts | Full call number | Barcode | Date last seen | Price effective from | Koha item type |
|---|---|---|---|---|---|---|---|---|---|---|---|---|---|---|
| Munich Library | Munich Library | Reference Section | 06/02/2004 | REF 591 Am7 1995 | M3770 | 04/14/2014 | 04/14/2014 | Books | ||||||
| Munich Library | Munich Library | Reference Section | 07/26/2011 | REF 591 Am7 1995 | M5945 | 04/14/2014 | 04/14/2014 | Books |